Siku njema / (Record no. 16598)

MARC details
000 -LEADER
fixed length control field 00453nam a22001697a 4500
003 - CONTROL NUMBER IDENTIFIER
control field OSt
005 - DATE AND TIME OF LATEST TRANSACTION
control field 20171102122557.0
008 - FIXED-LENGTH DATA ELEMENTS--GENERAL INFORMATION
fixed length control field 171102b xxu||||| |||| 00| 0 eng d
020 ## - INTERNATIONAL STANDARD BOOK NUMBER
International Standard Book Number 9789966497447
040 ## - CATALOGING SOURCE
Original cataloging agency KABU
Transcribing agency KABU
050 ## - LIBRARY OF CONGRESS CALL NUMBER
Classification number PL8704
Item number .W35S55 1996
100 ## - MAIN ENTRY--PERSONAL NAME
Personal name Walibora, Ken
245 ## - TITLE STATEMENT
Title Siku njema /
Statement of responsibility, etc. Ken Walibora
260 ## - PUBLICATION, DISTRIBUTION, ETC. (IMPRINT)
Place of publication, distribution, etc. Nairobi
Name of publisher, distributor, etc. Longhorn
Date of publication, distribution, etc. 1996
300 ## - PHYSICAL DESCRIPTION
Extent 150 p.
942 ## - ADDED ENTRY ELEMENTS (KOHA)
Source of classification or shelving scheme Library of Congress Classification
Koha item type General Collection
Classification part PL8704
Item part .W35S55 1996
Holdings
Withdrawn status Lost status Source of classification or shelving scheme Not for loan Home library Current library Shelving location Date acquired Cost, normal purchase price Inventory number Total Checkouts Total Renewals Full call number Barcode Date last seen Date last checked out Copy number Price effective from Koha item type
    Library of Congress Classification   Kabarak, Main Campus Kabarak, Main Campus General Stacks 02/11/2017 510.00 2017/0290 35 4 PL8704 .W35S55 1996 c.1 027747 14/06/2023 11/05/2023 c.1 02/11/2017 General Collection
Designed with assistance from East African Informatics Ltd